000 00348nam a2200133Ia 4500
008 190328s9999||||xx |||||||||||||| ||und||
082 _bDEC/B
100 _aD E C G I
245 0 _aBusiness Law: Self Introduction Material
260 _aNagaland
_bThe Global Open University
300 _a457
650 _aManagement/Accounts/OR/AU/OB
942 _cBK
999 _c5339
_d5339